All aircraft ever used by the Swedish Air Force - Statistics

General Stats
  • This quiz has been taken 40 times
    39 since last reset
  • The average score is 11 of 160
Answer Stats
Role Answer Origin % Correct
Bomber B 1 Italy
44%
Bomber B 5 USA
44%
Bomber B 2 Italy
41%
Bomber B 3 Germany
35%
Fighter J 3 Netherlands
35%
Bomber B 6 USA
32%
Multirole JAS 39 Gripen Sweden
32%
Bomber B 17 Sweden
26%
Fighter J 2 France
26%
Fighter J 1 Austria
21%
Fighter J 11 Italy
21%
Fighter J 22 Sweden
21%
Fighter J 4 Germany
21%
Fighter J 10 USA
18%
Fighter J 21 Sweden
18%
Fighter J 9 USA
18%
Recce S 1 Sweden
18%
Trainer Sk 6 Germany
18%
Fighter J 20 Italy
15%
Trainer Sk 1 Germany
15%
Trainer Sk 10 Germany
15%
Trainer Sk 14 USA
15%
Trainer Sk 15 Germany
15%
Trainer Sk 2 Germany
15%
Trainer Sk 3 Germany
15%
Trainer Sk 4 UK
15%
Trainer Sk 5 Germany
15%
Trainer Sk 60 Sweden
15%
Trainer Sk 7 UK
15%
Trainer Sk 9 UK
15%
Recce S 6 Netherlands
12%
Torpedo T 1 Germany
12%
Torpedo T 2 Germany
12%
Bomber B 18 Sweden
9%
Helicopter Hkp 1 USA
9%
Helicopter Hkp 14 Multinational
9%
Helicopter Hkp 15 Italy
9%
Helicopter Hkp 3 USA
9%
Helicopter Hkp 9 Germany
9%
Recce S 12 Germany
9%
Transport Tp 8 USA
9%
Helicopter Hkp 11 USA
6%
Helicopter Hkp 5 USA
6%
Trainer Ö 2 Germany
6%
Trainer Ö 3 UK
6%
Trainer Ö 6 UK
6%
Trainer Ö 9 Sweden
6%
Test aircraft P 3 Sweden
6%
Test aircraft P 7 Sweden
6%
Test aircraft P 8 Sweden
6%
Trainer Sk 40 Germany
6%
Transport Tp 1 Germany
6%
Transport Tp 10 Netherlands
6%
Transport Tp 2 Germany
6%
Transport Tp 4 USA
6%
Transport Tp 5 Germany
6%
Transport Tp 6 USA
6%
Transport Tp 7 UK
6%
Attacker A 21 Sweden
3%
Attacker A 29B Tunnan Sweden
3%
Attacker A 32A Lansen Sweden
3%
Attacker AJ 37 Viggen Sweden
3%
Multirole AJS 37 Viggen Sweden
3%
Multirole AJSF 37 Viggen Sweden
3%
Multirole AJSH 37 Viggen Sweden
3%
Bomber B 16 Caproni Italy
3%
Bomber B 4 Hart UK
3%
Glider G 101 Germany
3%
Helicopter Hkp 10 Super Puma France
3%
Helicopter Hkp 16 Black Hawk USA
3%
Helicopter Hkp 2 Alouette France
3%
Helicopter Hkp 4 Vertol USA
3%
Helicopter Hkp 6 Jet ranger USA
3%
Fighter J 26 Mustang USA
3%
Fighter J 28 Vampire UK
3%
Fighter J 29 Tunnan Sweden
3%
Fighter J 30 Mosquito UK
3%
Fighter J 32B Lansen Sweden
3%
Fighter J 33 Venom UK
3%
Fighter J 34 Hunter UK
3%
Fighter J 35 Draken Sweden
3%
Fighter J 5 Jaktfalken Sweden
3%
Fighter J 6 Jaktfalken Sweden
3%
Fighter J8 Gladiator UK
3%
Fighter JA 37 Jaktviggen Sweden
3%
Glider Lg 105 Sweden
3%
Trainer Ö 1 Tummelisa Sweden
3%
SIGINT S 102B Korpen USA
3%
Recce S 16 Caproni Italy
3%
Recce S 17B Sweden
3%
Recce S 18A Sweden
3%
Recce S 22 Sweden
3%
Recce S 26 Mustang USA
3%
Recce S 29C Tunnan Sweden
3%
Recce S 31 Spitfire UK
3%
Recce S 32C Lansen Sweden
3%
Recce S 35E Draken Sweden
3%
Glider Se 102 Germany
3%
Glider Se 103 Germany
3%
Glider Se 104 Germany
3%
Recce SF 37 Viggen Sweden
3%
Recce SH 37 Viggen Sweden
3%
Trainer Sk 11 Tiger Moth UK
3%
Trainer Sk 16 Texan USA
3%
Trainer Sk 25 Bestmann Germany
3%
Trainer Sk 35C Draken Sweden
3%
Trainer Sk 37 Viggen Sweden
3%
Trainer Sk 8 Skolfalken Sweden
3%
Torpedo T 16 Caproni Italy
3%
Torpedo T 18B Sweden
3%
Transport Tp 100 Sweden
3%
Transport Tp 102 USA
3%
Transport Tp 103 USA
3%
Transport Tp 11 Poland
3%
Transport Tp 16 Caproni Italy
3%
Transport Tp 47 Catalina USA
3%
Transport Tp 79 USA
3%
Transport Tp 83 Pembroke UK
3%
Transport Tp 84 Hercules USA
3%
Transport Tp 9 Germany
3%
Attacker A 1 Dront Sweden
0%
Fighter J 7 Bulldog UK
0%
Trainer Ö 4 Dront Sweden
0%
Trainer Ö 5 Dront Sweden
0%
Trainer Ö 7 Piraten Sweden
0%
Trainer Ö 8 Övningsfalken Sweden
0%
Test aircraft P 1 Sparmannjagaren Sweden
0%
Test aircraft P 2 Stieglitz Germany
0%
Test aircraft P 4 Storch Germany
0%
Test aircraft P 5 Hampden UK
0%
Test aircraft P 6 Weihe Germany
0%
AEW&C S 100 Argus Sweden
0%
Recce S 14 Storch Germany
0%
Recce S 2 Hansa Germany
0%
Recce S 3 Hansa Germany
0%
Recce S 4 Hansa Germany
0%
Recce S 5 Hansa Germany
0%
Recce S 7 Hart UK
0%
Recce S 8 Skolfalken Sweden
0%
Recce S 9 Osprey UK
0%
Trainer Sk 12 Stieglitz Germany
0%
Trainer Sk 50 Safir Sweden
0%
Trainer Sk 61 Bulldog Sweden
0%
Transport Tp 101 King air USA
0%
Transport Tp 24 Germany
0%
Transport Tp 3 Dragonfly UK
0%
Transport Tp 45 USA
0%
Transport Tp 46 Dove UK
0%
Transport Tp 52 Canberra UK
0%
Transport Tp 54 USA
0%
Transport Tp 55 Caribou Canada
0%
Transport Tp 78 Norseman Canada
0%
Transport Tp 80 Lancaster UK
0%
Transport Tp 81 Goose USA
0%
Transport Tp 82 Varsity UK
0%
Transport Tp 85 Caravelle France
0%
Transport Tp 86 Sabreliner USA
0%
Transport Tp 87 USA
0%
Transport Tp 88 USA
0%
Transport Tp 91 Safir Sweden
0%
No matching quizzes found
Score Distribution
Percent of People with Each Score
Percentile by Number Answered
Your Score History
You have not taken this quiz since the last reset